header

The hippocampus (Record no. 167333)

MARC details
000 -LEADER
fixed length control field 01291nam a2200337Ia 4500
082 04 - DEWEY DECIMAL CLASSIFICATION NUMBER
Classification number 612.8/25
100 1# - MAIN ENTRY--AUTHOR NAME
Personal name Taupin, Philippe.
245 14 - TITLE STATEMENT
Title The hippocampus
260 ## - PUBLICATION, DISTRIBUTION, ETC. (IMPRINT)
Place of publication New York :
Name of publisher Nova Biomedical Books,
Year of publication c2007.
300 ## - PHYSICAL DESCRIPTION
Number of Pages 144 p. :
Other physical details ill. (some col.)
650 #0 - SUBJECT ADDED ENTRY--TOPICAL TERM
Topical Term Hippocampus (Brain)
Topical Term Neural transmission.
Topical Term Neuroplasticity.
Topical Term GABA.
856 40 - ELECTRONIC LOCATION AND ACCESS
Uniform Resource Identifier http://site.ebrary.com/lib/rucke/Doc?id=10658942

No items available.

© 2026 Rongo University
Contact us: librarian | system librarian | Rongo university